[Event "Teheran zt 3.1"]
[Site "Teheran"]
[Date "1997.??.??"]
[Round "5"]
[White "Al Modiahki, Mohamad"]
[Black "Murugan, Krishnamoorthy"]
[Result "0-1"]
[WhiteElo "2410"]
[BlackElo "2395"]
[EventDate "1997.??.??"]
[PlyCount "80"]

1.e4 c5 2.Nf3 Nc6 3.Nc3 e6 4.d4 cxd4 5.Nxd4 d6 6.g3 Nxd4 7.Qxd4 Ne7 8.Bg5 
Nc6 9.Qd2 Qa5 10.O-O-O a6 11.f4 h6 12.Bh4 b5 13.Kb1 Bb7 14.Bg2 b4 15.Ne2 
Qc7 16.g4 a5 17.e5 dxe5 18.fxe5 Be7 19.Bxe7 Nxe7 20.Nd4 O-O 21.Nb5 Qb6 22.
Bxb7 Qxb7 23.Nd6 Qc6 24.Rhf1 Nd5 25.g5 h5 26.g6 fxg6 27.Qg5 Qa6 28.Rfe1 
Qb6 29.Nc4 Qf2 30.Qxg6 Qf5 31.Rg1 Qxg6 32.Rxg6 Nf4 33.Rg5 Rfd8 34.Nd6 Ra7 
35.Rf1 Rf8 36.b3 Raa8 37.Kb2 Nd3+ 38.cxd3 Rxf1 39.Rxh5 Rf2+ 40.Kb1 Rg2 0-1

[Event "Teheran zt 3.1"]
[Site "Teheran"]
[Date "1997.??.??"]
[Round "5"]
[White "Eid, Fadi"]
[Black "Momeni, Hadi"]
[Result "1/2-1/2"]
[WhiteElo "2250"]
[BlackElo "2295"]
[EventDate "1997.??.??"]
[PlyCount "62"]

1.e4 c5 2.Nf3 d6 3.d4 cxd4 4.Nxd4 Nf6 5.Nc3 a6 6.Be3 e6 7.Qe2 Nc6 8.O-O-O 
Qc7 9.g4 Be7 10.g5 Nd7 11.f4 Nc5 12.Bg2 Bd7 13.Nxc6 Bxc6 14.Bxc5 dxc5 15.
e5 Rd8 16.Rxd8+ Bxd8 17.Rd1 Be7 18.Be4 O-O 19.Qh5 Bxe4 20.Nxe4 Rd8 21.Rg1 
Qd7 22.Nf6+ Bxf6 23.gxf6 Qd2+ 24.Kb1 g6 25.Qf3 Qxh2 26.Rd1 Rd2 27.b3 h5 
28.Rxd2 Qxd2 29.Qxb7 Qd1+ 30.Kb2 Qd4+ 31.Kb1 Qd1+ 1/2-1/2

[Event "Teheran zt 3.1"]
[Site "Teheran"]
[Date "1997.??.??"]
[Round "5"]
[White "Hakki, Imad"]
[Black "Al Hadarani, Hatim"]
[Result "1-0"]
[WhiteElo "2395"]
[BlackElo "2365"]
[EventDate "1997.??.??"]
[PlyCount "103"]

1.e4 e5 2.Nf3 Nc6 3.Bb5 Nd4 4.Nxd4 exd4 5.O-O Ne7 6.d3 Nc6 7.f4 Be7 8.Nd2 
O-O 9.Nf3 Bc5 10.f5 d5 11.Kh1 dxe4 12.dxe4 Re8 13.Bc4 h6 14.f6 Na5 15.Bd5 
c6 16.Ng5 cxd5 17.Qh5 hxg5 18.fxg7 f5 19.Bxg5 Be7 20.Qh8+ Kf7 21.Qh7 Rg8 
22.Qh5+ Ke6 23.exf5+ Kd6 24.f6 Be6 25.fxe7 Qd7 26.Qg6 Nc6 27.Rae1 Nxe7 28.
Bf4+ Kc5 29.Qxe6 Qxe6 30.Rxe6 Nf5 31.Be5 Nxg7 32.Rg6 Nh5 33.Rxg8 Rxg8 34.
Rf5 Ng7 35.Rg5 Re8 36.h4 Ne6 37.Rf5 Nd8 38.h5 Nc6 39.Bg7 Re4 40.h6 Ne7 41.
Bf8 Kc4 42.Bxe7 Rxe7 43.Rf3 Rh7 44.Rh3 d3 45.cxd3+ Kd4 46.Kg1 Ke5 47.Kf2 
d4 48.Kf3 Kf5 49.g4+ Kg6 50.Ke4 Re7+ 51.Kxd4 Kh7 52.g5 1-0

[Event "Teheran zt 3.1"]
[Site "Teheran"]
[Date "1997.??.??"]
[Round "5"]
[White "Jalal, Adil Ali"]
[Black "Ghorbani, Mohsen"]
[Result "0-1"]
[WhiteElo "2265"]
[BlackElo "2205"]
[EventDate "1997.??.??"]
[PlyCount "98"]

1.e4 c5 2.Nf3 Nc6 3.Bb5 g6 4.O-O Bg7 5.Re1 Nf6 6.e5 Nd5 7.Nc3 Nc7 8.Bc4 
O-O 9.d3 b6 10.Bf4 Bb7 11.a4 a6 12.Ne4 Ne6 13.Bg3 Ncd4 14.Nxd4 cxd4 15.c3 
Qc7 16.cxd4 Nxd4 17.e6 Qd8 18.exf7+ Kh8 19.Ba2 Nf5 20.Bf4 e6 21.Ng5 Qf6 
22.Qg4 h5 23.Qh3 Nd4 24.Qg3 Nf5 25.Qh3 Nh6 26.Be3 Qxb2 27.Bc4 Qf6 28.Rab1 
Bc6 29.Rxb6 Bxa4 30.Bxa6 Ng4 31.Bc4 Nxf2 32.Bxf2 Qxg5 33.Qf3 Ra5 34.Ra6 
Rxa6 35.Bxa6 Bc6 36.Qg3 Qxg3 37.hxg3 Rxf7 38.d4 Kh7 39.Bd3 Rf8 40.Be4 Bxe4
41.Rxe4 Rb8 42.Kf1 Rb4 43.Rf4 Kg8 44.Ke1 g5 45.Re4 e5 46.Re2 Rb1+ 47.Kd2 
Rb2+ 48.Kd1 Rxe2 49.Kxe2 exd4 0-1

[Event "Teheran zt 3.1"]
[Site "Teheran"]
[Date "1997.??.??"]
[Round "5"]
[White "Kunte, Abhijit"]
[Black "Ravi, Lanka"]
[Result "1/2-1/2"]
[WhiteElo "2315"]
[BlackElo "2390"]
[EventDate "1997.??.??"]
[PlyCount "43"]

1.Nf3 f5 2.g3 Nf6 3.Bg2 g6 4.O-O Bg7 5.d3 d6 6.c4 O-O 7.Nc3 c5 8.d4 Na6 9.
b3 Ne4 10.Bb2 Nxc3 11.Bxc3 Rb8 12.a4 b6 13.Qd2 e6 14.Rfd1 Nc7 15.Rac1 Ne8 
16.dxc5 bxc5 17.Bxg7 Kxg7 18.Rc3 Qf6 19.Ne1 Bb7 20.f4 Bxg2 21.Kxg2 Rf7 22.
Qe3 1/2-1/2

[Event "Teheran zt 3.1"]
[Site "Teheran"]
[Date "1997.??.??"]
[Round "5"]
[White "Murshed, Niaz"]
[Black "Lodhi, Mahmood"]
[Result "1-0"]
[WhiteElo "2505"]
[BlackElo "2415"]
[EventDate "1997.??.??"]
[PlyCount "117"]

1.d4 Nf6 2.Nf3 g6 3.c4 Bg7 4.Nc3 d5 5.cxd5 Nxd5 6.e4 Nxc3 7.bxc3 c5 8.Rb1 
O-O 9.Be2 Nc6 10.d5 Bxc3+ 11.Bd2 Bxd2+ 12.Qxd2 Nd4 13.Nxd4 cxd4 14.Qxd4 
Qa5+ 15.Qd2 Qxd2+ 16.Kxd2 Rd8 17.Ke3 b6 18.Rhc1 e6 19.Bc4 Kf8 20.dxe6 fxe6
21.Bb3 Bd7 22.Rc7 Rac8 23.Rxa7 e5 24.Rd1 Rc3+ 25.Rd3 Rxd3+ 26.Kxd3 Bb5+ 
27.Kc3 Rd3+ 28.Kc2 Rd7 29.Ra8+ Kg7 30.Bd5 Bc6 31.Bxc6 Rc7 32.Ra3 Rxc6+ 33.
Rc3 Rd6 34.Rc7+ Kh6 35.f3 Rd4 36.h4 Rd6 37.Rf7 Rc6+ 38.Kd3 Rc5 39.g4 g5 
40.Rf6+ Kg7 41.hxg5 Rb5 42.Rd6 Rb2 43.Rd5 Rxa2 44.Rxe5 Ra3+ 45.Ke2 Rb3 46.
Rd5 b5 47.Rd3 Rb1 48.f4 b4 49.f5 b3 50.Rd7+ Kg8 51.Rb7 b2 52.Kd2 Rg1 53.
Rxb2 Rg2+ 54.Kc3 Rxg4 55.Kd4 Rxg5 56.Ke5 h5 57.Ke6 h4 58.f6 Rg6 59.Ke7 1-0

[Event "Teheran zt 3.1"]
[Site "Teheran"]
[Date "1997.??.??"]
[Round "5"]
[White "Najjar, Ahmad"]
[Black "Bagheri, Amir"]
[Result "1/2-1/2"]
[WhiteElo "2235"]
[BlackElo "2215"]
[EventDate "1997.??.??"]
[PlyCount "68"]

1.d4 Nf6 2.Nf3 c5 3.e3 e6 4.c3 b6 5.Bd3 Bb7 6.O-O Be7 7.Re1 d5 8.Nbd2 O-O 
9.Ne5 Nbd7 10.f4 Ne4 11.Ndf3 f6 12.Ng4 Bd6 13.Re2 Qe7 14.Nf2 Nxf2 15.Rxf2 
e5 16.Bb5 cxd4 17.cxd4 e4 18.Ne1 a6 19.Bf1 f5 20.Bd2 b5 21.g4 fxg4 22.Qxg4
Rf6 23.Rg2 Nb6 24.b3 b4 25.Rc1 Raf8 26.Rg3 Kh8 27.Ng2 Bc8 28.Qg5 h6 29.Qh5
Rf5 30.Qg6 Bd7 31.Bxb4 Bxb4 32.Qxb6 R5f6 33.Qb7 Bd6 34.Qxd5 g5 1/2-1/2

[Event "Teheran zt 3.1"]
[Site "Teheran"]
[Date "1997.??.??"]
[Round "5"]
[White "Omearat, Adel"]
[Black "Mohd, A Altaher"]
[Result "1-0"]
[WhiteElo "2260"]
[BlackElo "2235"]
[EventDate "1997.??.??"]
[PlyCount "137"]

1.d4 c5 2.e4 cxd4 3.Nf3 e6 4.Nxd4 Nf6 5.Nc3 d6 6.g3 Be7 7.Bg2 O-O 8.O-O a6
9.Be3 Bd7 10.Nb3 Nc6 11.f4 Qc7 12.a4 b6 13.Qe2 Bc8 14.Bf3 Bb7 15.Qf2 Nd7 
16.Rad1 Rac8 17.Rd2 Nb4 18.Rfd1 Rfd8 19.g4 Rb8 20.g5 Ba8 21.h4 Nc5 22.f5 
exf5 23.exf5 Bxf3 24.Qxf3 Nd7 25.Qe4 Ne5 26.Qxb4 Nf3+ 27.Kg2 Nxd2 28.Rxd2 
Re8 29.Nd5 Qc6 30.Qe4 Kf8 31.Nd4 Qb7 32.Qf3 Bd8 33.Bf4 Qd7 34.Qg3 Rc8 35.
b3 b5 36.axb5 axb5 37.Qd3 Rc5 38.Nf3 Rc8 39.Nb4 Kg8 40.Qxd6 Qxf5 41.Qd7 
Qxd7 42.Rxd7 Ba5 43.Rd4 Bxb4 44.Rxb4 Rxc2+ 45.Kg3 Rc5 46.Nd4 Rd8 47.Be3 
Rcd5 48.Kf3 f5 49.gxf6 gxf6 50.Nxb5 Rf5+ 51.Ke2 Re5 52.Nc3 Rde8 53.Nd1 Re4
54.Rb7 Rxh4 55.Nf2 f5 56.Kf3 f4 57.Bd4 Rh6 58.Ng4 Rh3+ 59.Kxf4 Rh4 60.Bf6 
Rh1 61.Kf5 Rc8 62.b4 h5 63.Rg7+ Kf8 64.Rh7 Ke8 65.Ne5 Rf1+ 66.Ke6 Rxf6+ 
67.Kxf6 Kd8 68.b5 Rc5 69.b6 1-0

[Event "Teheran zt 3.1"]
[Site "Teheran"]
[Date "1997.??.??"]
[Round "6"]
[White "Abdulghafour, Yousef"]
[Black "Al Modiahki, Mohamad"]
[Result "0-1"]
[WhiteElo "2180"]
[BlackElo "2410"]
[EventDate "1997.??.??"]
[PlyCount "64"]

1.e4 c5 2.g3 d5 3.exd5 Qxd5 4.Nf3 Bg4 5.Bg2 Qe6+ 6.Kf1 Nc6 7.h3 Bh5 8.d3 
Qd7 9.Na3 e5 10.Nc4 f6 11.g4 Bf7 12.Be3 e4 13.Ne1 exd3 14.Qxd3 O-O-O 15.
Qxd7+ Rxd7 16.Nd2 Nge7 17.c4 Nd4 18.b3 Nec6 19.Bxd4 Nxd4 20.Ndf3 Ne6 21.
Nc2 Nf4 22.Ne3 Bg6 23.Ne1 Rd2 24.Nf5 Bxf5 25.gxf5 Bd6 26.Nf3 Rc2 27.Rd1 
Bc7 28.Ne1 Rxa2 29.Be4 Re8 30.Bf3 Rd8 31.Rxd8+ Kxd8 32.h4 Ra1 0-1

[Event "Teheran zt 3.1"]
[Site "Teheran"]
[Date "1997.??.??"]
[Round "6"]
[White "Al Hadarani, Hatim"]
[Black "Prasad, Devaki V"]
[Result "1-0"]
[WhiteElo "2365"]
[BlackElo "2450"]
[EventDate "1997.??.??"]
[PlyCount "141"]

1.e4 c5 2.Nf3 Nc6 3.d4 cxd4 4.Nxd4 Nf6 5.Nc3 d6 6.Bg5 e6 7.Qd2 a6 8.O-O-O 
h6 9.Nxc6 bxc6 10.Bh4 Be7 11.Bxf6 gxf6 12.Bc4 Qa5 13.Kb1 Rb8 14.Bb3 h5 15.
Rhe1 Rg8 16.f4 Bd7 17.f5 Qe5 18.g3 Rg5 19.Qf2 Rb7 20.Qe2 Qa5 21.Qe3 Bf8 
22.h4 Rg4 23.Ne2 e5 24.Nc3 Qb6 25.Qd3 a5 26.Qf3 Qc5 27.Rd3 Rb8 28.Red1 Bc8
29.Na4 Qb4 30.c4 Ba6 31.Rc3 Qb7 32.Rc2 Qa7 33.Rcd2 Be7 34.Rc1 Rb4 35.a3 
Rb8 36.Ka2 Qb7 37.Bd1 d5 38.cxd5 cxd5 39.Rxd5 Bb5 40.Rxb5 Qxb5 41.Qe3 Rg8 
42.Rc3 Rd8 43.Bb3 Rd4 44.Rc8+ Bd8 45.Nc3 Qd7 46.Rb8 Rh8 47.Bd5 Kf8 48.Rb7 
Bc7 49.Nb5 Rxd5 50.Rxc7 Qxb5 51.exd5 Qxd5+ 52.Qb3 Qxb3+ 53.Kxb3 Kg7 54.Ka4
Rb8 55.Rc2 Ra8 56.Rc5 e4 57.Rc2 Kf8 58.Re2 Ke7 59.Rxe4+ Kd6 60.Re2 Ra7 61.
Re8 Rb7 62.b3 Kd5 63.g4 hxg4 64.h5 g3 65.Rg8 Ke5 66.h6 g2 67.h7 Rb8 68.
Rxb8 g1=Q 69.Rb5+ Kd6 70.h8=Q Qd4+ 71.b4 1-0

[Event "Teheran zt 3.1"]
[Site "Teheran"]
[Date "1997.??.??"]
[Round "6"]
[White "Bagheri, Amir"]
[Black "Eid, Fadi"]
[Result "1-0"]
[WhiteElo "2215"]
[BlackElo "2250"]
[EventDate "1997.??.??"]
[PlyCount "93"]

1.d4 Nf6 2.Nf3 g6 3.Bg5 Bg7 4.Nbd2 O-O 5.c3 d6 6.e4 h6 7.Bh4 c5 8.dxc5 
dxc5 9.Bc4 Nc6 10.O-O Bg4 11.Qc2 g5 12.Bg3 Nh5 13.Bd5 Nxg3 14.hxg3 Qc7 15.
Nc4 Bh5 16.Qa4 Rac8 17.Rad1 Nd8 18.Ne3 e6 19.Bc4 Nc6 20.Rd2 a6 21.Be2 Rfd8
22.Rfd1 Rxd2 23.Rxd2 Rd8 24.Rxd8+ Qxd8 25.Bxa6 Nd4 26.Bxb7 Nxf3+ 27.gxf3 
Qb6 28.Qa8+ Kh7 29.Nc4 Qb5 30.Qa6 Qd7 31.Kg2 Qd1 32.e5 Bg6 33.Qb6 h5 34.
Ne3 Qb1 35.Qxc5 h4 36.gxh4 gxh4 37.Ng4 Bf5 38.Be4 Qxb2 39.Nf6+ Bxf6 40.
exf6 Kg6 41.Bxf5+ exf5 42.Qd4 Qxa2 43.Qxh4 Qc2 44.Qh8 Qb3 45.Qg7+ Kh5 46.
f4 Qd5+ 47.Kh2 1-0

[Event "Teheran zt 3.1"]
[Site "Teheran"]
[Date "1997.??.??"]
[Round "6"]
[White "Ghorbani, Mohsen"]
[Black "Omearat, Adel"]
[Result "1-0"]
[WhiteElo "2205"]
[BlackElo "2260"]
[EventDate "1997.??.??"]
[PlyCount "67"]

1.d4 Nf6 2.c4 e6 3.Nf3 Bb4+ 4.Bd2 Qe7 5.g3 Nc6 6.Bg2 Bxd2+ 7.Qxd2 Ne4 8.
Qc2 Qb4+ 9.Kf1 f5 10.a3 Qe7 11.d5 Qc5 12.e3 exd5 13.Nbd2 Nxd2+ 14.Nxd2 
dxc4 15.h4 d5 16.h5 Be6 17.Qc3 O-O-O 18.Qxg7 d4 19.exd4 Nxd4 20.Rh4 c3 21.
bxc3 Qxc3 22.Rb1 Bc4+ 23.Nxc4 Qd3+ 24.Kg1 Qxb1+ 25.Kh2 Ne2 26.Nd6+ Rxd6 
27.Qxh8+ Rd8 28.Qe5 Qg1+ 29.Kh3 Qxf2 30.Rc4 Ng1+ 31.Kh4 Rd7 32.Qe8+ Rd8 
33.Bxb7+ Kxb7 34.Qc6+ 1-0

[Event "Teheran zt 3.1"]
[Site "Teheran"]
[Date "1997.??.??"]
[Round "6"]
[White "Kunte, Abhijit"]
[Black "Murshed, Niaz"]
[Result "1/2-1/2"]
[WhiteElo "2315"]
[BlackElo "2505"]
[EventDate "1997.??.??"]
[PlyCount "34"]

1.e4 d6 2.d4 g6 3.Nc3 c6 4.Bc4 Bg7 5.Nf3 Nf6 6.Bb3 O-O 7.Bg5 h6 8.Bh4 b5 
9.Bxf6 Bxf6 10.Nxb5 Bg4 11.Nc3 Qb6 12.Ne2 Nd7 13.Qd2 Kh7 14.h4 Bg7 15.Nfg1
a5 16.a4 Bxe2 17.Nxe2 c5 1/2-1/2

[Event "Teheran zt 3.1"]
[Site "Teheran"]
[Date "1997.??.??"]
[Round "6"]
[White "Momeni, Hadi"]
[Black "Jalal, Adil Ali"]
[Result "1-0"]
[WhiteElo "2295"]
[BlackElo "2265"]
[EventDate "1997.??.??"]
[PlyCount "97"]

1.e4 d5 2.exd5 Nf6 3.d4 Nxd5 4.Nf3 g6 5.c4 Nb6 6.Nc3 Bg7 7.c5 N6d7 8.Bc4 
O-O 9.O-O b6 10.cxb6 Nxb6 11.Bb3 Nc6 12.d5 Na5 13.Re1 Bb7 14.Bg5 Re8 15.
Ba4 c6 16.dxc6 Bxc6 17.Bxc6 Qxd1 18.Nxd1 Nxc6 19.Rc1 Rac8 20.b3 Nd5 21.Re4
Ncb4 22.Rxc8 Rxc8 23.a3 Nc2 24.Rc4 Rxc4 25.bxc4 Nb6 26.c5 Nc8 27.Bc1 Nd4 
28.Nxd4 Bxd4 29.Be3 Bxe3 30.Nxe3 f5 31.f4 Kf7 32.Kf2 e5 33.g3 Ke6 34.Ke2 
exf4 35.gxf4 Ne7 36.Kd3 Nd5 37.Ng2 Kd7 38.Kc4 Kc6 39.a4 Nc7 40.Ne1 Kd7 41.
Nd3 Ke6 42.Nb4 Kd7 43.h4 Ne6 44.Nd3 Kc6 45.a5 a6 46.Nb4+ Kb7 47.Kd5 Nxf4+ 
48.Kd6 Ne2 49.c6+ 1-0

[Event "Teheran zt 3.1"]
[Site "Teheran"]
[Date "1997.??.??"]
[Round "6"]
[White "Murugan, Krishnamoorthy"]
[Black "Konguvel, Ponnuswamy"]
[Result "1/2-1/2"]
[WhiteElo "2395"]
[BlackElo "2425"]
[EventDate "1997.??.??"]
[PlyCount "75"]

1.d4 Nf6 2.c4 g6 3.Nc3 d5 4.cxd5 Nxd5 5.Bd2 Bg7 6.e4 Nb6 7.Be3 O-O 8.Nf3 
Bg4 9.Be2 Nc6 10.d5 Bxf3 11.Bxf3 Ne5 12.Be2 Nec4 13.Bc1 c6 14.dxc6 bxc6 
15.Qc2 Qd6 16.O-O Rfd8 17.Na4 Na3 18.Qb3 Rab8 19.Rd1 Qxd1+ 20.Bxd1 Nxa4 
21.Qxa4 Rb4 22.Be3 Rxa4 23.Bxa4 Bxb2 24.Rd1 Rxd1+ 25.Bxd1 Nb5 26.a4 Nc3 
27.Bc2 a6 28.Kf1 Kf8 29.Bd2 e5 30.Bxc3 Bxc3 31.a5 Bxa5 32.Bd3 Ke7 33.Bxa6 
Kd6 34.Ke2 Bb6 35.Bc4 f6 36.f3 Bg1 37.h3 Kc5 38.Kd3 1/2-1/2

[Event "Teheran zt 3.1"]
[Site "Teheran"]
[Date "1997.??.??"]
[Round "6"]
[White "Ravi, Lanka"]
[Black "Lodhi, Mahmood"]
[Result "0-1"]
[WhiteElo "2390"]
[BlackElo "2415"]
[EventDate "1997.??.??"]
[PlyCount "94"]

1.d4 Nf6 2.Nf3 e6 3.c4 b6 4.Nc3 Bb4 5.Bg5 Bb7 6.e3 h6 7.Bh4 Qe7 8.Nd2 Bxc3
9.bxc3 d6 10.f3 Nbd7 11.e4 e5 12.Be2 Nf8 13.Bf2 Ne6 14.g3 Nd7 15.Nf1 g6 
16.Ne3 Qf8 17.Qd3 h5 18.h4 c5 19.d5 Ng7 20.Bf1 Bc8 21.a4 f5 22.Bh3 fxe4 
23.fxe4 Nf6 24.Bxc8 Rxc8 25.a5 bxa5 26.Rxa5 Qe7 27.O-O O-O 28.Be1 Qd7 29.
Kg2 Rf7 30.Bd2 Rcf8 31.Raa1 Qc8 32.Rf3 Qd7 33.Rff1 Kh7 34.Qc2 Nge8 35.Qd3 
Kg7 36.Rae1 a5 37.Ra1 a4 38.Bc1 Kh7 39.Bd2 Ng7 40.Qc2 Ng4 41.Nxg4 hxg4 42.
Rg1 Rf2+ 43.Kh1 Re2 44.Rae1 Rxe1 45.Bxe1 a3 46.Bd2 Rf2 47.Qd3 Qf7 0-1

[Event "Teheran zt 3.1"]
[Site "Teheran"]
[Date "1997.??.??"]
[Round "7"]
[White "Bagheri, Amir"]
[Black "Ravi, Lanka"]
[Result "1-0"]
[WhiteElo "2215"]
[BlackElo "2390"]
[EventDate "1997.??.??"]
[PlyCount "97"]

1.d4 c5 2.c3 d5 3.Nf3 e6 4.Bf4 Nc6 5.e3 Bd6 6.Bb5 Bxf4 7.exf4 Qb6 8.Na3 
Ne7 9.dxc5 Qxc5 10.Qd4 Qxd4 11.Nxd4 Bd7 12.O-O-O g6 13.Rhe1 Nxd4 14.Rxd4 
Bxb5 15.Nxb5 Kd7 16.Rd2 Rhc8 17.g3 h5 18.Nd4 Rab8 19.Kb1 b5 20.a3 a5 21.
Rc1 Rc7 22.h3 Nc8 23.g4 Nd6 24.Re2 Nc4 25.Nc2 Nd6 26.Nd4 Nc4 27.Nc2 hxg4 
28.hxg4 Nd6 29.Nd4 Nc4 30.Rh1 b4 31.cxb4 axb4 32.a4 Nd6 33.f5 exf5 34.Re5 
Ne4 35.Rxd5+ Ke7 36.gxf5 Nd2+ 37.Ka1 Rbc8 38.Ka2 Rc4 39.fxg6 b3+ 40.Ka3 
Ra8 41.Nc6+ Rxc6 42.Rxd2 Rc4 43.Kxb3 Raxa4 44.Rh7 Rab4+ 45.Ka2 Rf4 46.Re2+
Kf6 47.Rxf7+ Kxg6 48.Rxf4 Rxf4 49.Ka3 1-0

[Event "Teheran zt 3.1"]
[Site "Teheran"]
[Date "1997.??.??"]
[Round "7"]
[White "Eid, Fadi"]
[Black "Mohd, A Altaher"]
[Result "1-0"]
[WhiteElo "2250"]
[BlackElo "2235"]
[EventDate "1997.??.??"]
[PlyCount "155"]

1.e4 c5 2.Nf3 e6 3.d4 cxd4 4.Nxd4 Nf6 5.Nc3 d6 6.Be3 a6 7.Qe2 b5 8.a3 Bb7 
9.f3 Nbd7 10.g4 h6 11.Bg2 Ne5 12.g5 hxg5 13.Bxg5 Qc7 14.O-O-O Nc4 15.Nb1 
O-O-O 16.b3 Nb6 17.Rd3 Kb8 18.h4 Be7 19.Rc3 Qd7 20.Qe3 Na8 21.Rd1 Rc8 22.
Rcd3 Nh7 23.Bxe7 Qxe7 24.Ne2 Rhd8 25.Qf4 e5 26.Qg3 g6 27.Bh3 Rc7 28.Nbc3 
Nf6 29.Qg5 Nb6 30.f4 Nxe4 31.Nxe4 Bxe4 32.Qxe7 Rxe7 33.Rxd6 Rxd6 34.Rxd6 
Kc7 35.fxe5 Rxe5 36.Rf6 Re7 37.Nc3 Bc6 38.Bg4 Kb7 39.h5 gxh5 40.Bxh5 Nd5 
41.Nxd5 Bxd5 42.Rd6 Be6 43.Bf3+ Ka7 44.Rd8 Rc7 45.Bd5 Bxd5 46.Rxd5 Kb6 47.
Rf5 Ra7 48.Kb2 Kc6 49.Kc3 Kd6 50.Kb4 Ke6 51.Rf2 Rc7 52.a4 bxa4 53.Kxa4 f5 
54.c4 Ke5 55.Re2+ Kf6 56.Kb4 f4 57.c5 Kf5 58.Rb2 Rc6 59.Kc4 Ke4 60.Re2+ 
Kf3 61.Re8 Kg2 62.Rg8+ Kh2 63.Rf8 Kg3 64.Kd5 Rc7 65.c6 Re7 66.Kd6 Re3 67.
c7 Rd3+ 68.Ke5 Rc3 69.c8=Q Rxc8 70.Rxc8 f3 71.Rf8 f2 72.Kd5 Kg2 73.Kc5 
f1=Q 74.Rxf1 Kxf1 75.Kb6 Ke2 76.Kxa6 Kd3 77.b4 Kc4 78.b5 1-0

[Event "Teheran zt 3.1"]
[Site "Teheran"]
[Date "1997.??.??"]
[Round "7"]
[White "Hakki, Imad"]
[Black "Kunte, Abhijit"]
[Result "1/2-1/2"]
[WhiteElo "2395"]
[BlackElo "2315"]
[EventDate "1997.??.??"]
[PlyCount "49"]

1.e4 e5 2.Nf3 Nc6 3.Bb5 a6 4.Ba4 Nf6 5.O-O b5 6.Bb3 Bc5 7.Nxe5 Nxe5 8.d4 
Bxd4 9.Qxd4 d6 10.f4 Nc6 11.Qd3 O-O 12.Nc3 Bb7 13.Nd5 Nxd5 14.exd5 Na5 15.
Bd2 Nxb3 16.axb3 c6 17.dxc6 Qb6+ 18.Rf2 Qxc6 19.Bb4 Rad8 20.Re1 Rfe8 21.
Rxe8+ Rxe8 22.Re2 h6 23.Rxe8+ Qxe8 24.Qd2 Qe6 25.Bxd6 1/2-1/2

[Event "Teheran zt 3.1"]
[Site "Teheran"]
[Date "1997.??.??"]
[Round "7"]
[White "Jalal, Adil Ali"]
[Black "Abdulghafour, Yousef"]
[Result "0-1"]
[WhiteElo "2265"]
[BlackElo "2180"]
[EventDate "1997.??.??"]
[PlyCount "92"]

1.e4 c5 2.b4 cxb4 3.a3 e5 4.Nf3 Nc6 5.axb4 Bxb4 6.c3 Bc5 7.Bc4 Nf6 8.d3 
O-O 9.O-O h6 10.d4 Bd6 11.dxe5 Nxe5 12.Nxe5 Bxe5 13.f4 Bc7 14.Qf3 d6 15.h3
Bd7 16.Bd3 Bc6 17.c4 Re8 18.Nc3 Bb6+ 19.Be3 Bxe3+ 20.Qxe3 Nxe4 21.Bxe4 f5 
22.Qd4 fxe4 23.Nd5 e3 24.Rae1 e2 25.Rf2 Qa5 26.Rfxe2 Rxe2 27.Rxe2 Bxd5 28.
cxd5 Qc5 29.Qxc5 dxc5 30.Re7 b6 31.Rb7 Rd8 32.Rxa7 Rxd5 33.Rb7 Rd6 34.Kf2 
Rc6 35.Ke3 c4 36.Kd2 c3+ 37.Kc2 h5 38.g4 h4 39.f5 Kh7 40.Rb8 g6 41.fxg6+ 
Kxg6 42.Rf8 b5 43.Rf5 b4 44.Rb5 Rc4 45.Rb6+ Kg5 46.Rb5+ Kf4 0-1

[Event "Teheran zt 3.1"]
[Site "Teheran"]
[Date "1997.??.??"]
[Round "7"]
[White "Konguvel, Ponnuswamy"]
[Black "Ghorbani, Mohsen"]
[Result "1-0"]
[WhiteElo "2425"]
[BlackElo "2205"]
[EventDate "1997.??.??"]
[PlyCount "83"]

1.e4 c5 2.Nf3 Nc6 3.d4 cxd4 4.Nxd4 e5 5.Nb5 d6 6.Be3 Be7 7.Nd2 Nf6 8.Bg5 
a6 9.Nc3 O-O 10.Nc4 Nd4 11.Bxf6 Bxf6 12.Nd5 b5 13.Ncb6 Rb8 14.Nxc8 Rxc8 
15.c3 Ne6 16.a4 bxa4 17.Rxa4 Nc5 18.Rc4 a5 19.Be2 Rb8 20.Qc2 g6 21.O-O Bg7
22.Rd1 Rb7 23.b4 axb4 24.Nxb4 Qb8 25.Qd2 Rb6 26.g3 Qa7 27.Qe3 Qb7 28.Nd5 
Rb1 29.Rb4 Rxd1+ 30.Bxd1 Qa7 31.Ba4 f5 32.exf5 Rxf5 33.Bc6 Rf8 34.Kg2 h6 
35.h4 Qa1 36.h5 g5 37.Ne7+ Kf7 38.Nf5 Qd1 39.Rd4 Qc2 40.Nxd6+ Kg8 41.Rd2 
Qc1 42.Nf5 1-0

[Event "Teheran zt 3.1"]
[Site "Teheran"]
[Date "1997.??.??"]
[Round "7"]
[White "Lodhi, Mahmood"]
[Black "Murugan, Krishnamoorthy"]
[Result "1/2-1/2"]
[WhiteElo "2415"]
[BlackElo "2395"]
[EventDate "1997.??.??"]
[PlyCount "60"]

1.d4 Nf6 2.c4 e6 3.Nc3 d5 4.Nf3 Be7 5.e3 O-O 6.Bd3 c5 7.cxd5 exd5 8.dxc5 
Bxc5 9.h3 Nc6 10.O-O a6 11.b3 Re8 12.Bb2 Ba7 13.Rc1 Qd6 14.Ne2 Bd7 15.Bb1 
Rad8 16.Nf4 Bc8 17.Bxf6 Qxf6 18.Nxd5 Qh6 19.e4 Bb8 20.Qd2 Qxd2 21.Nxd2 Be6
22.Nc4 Bxd5 23.exd5 Nd4 24.Bd3 Rxd5 25.Rfe1 Rxe1+ 26.Rxe1 Kf8 27.Be4 Rd7 
28.Kf1 f5 29.Bb1 g6 30.Rd1 Rd8 1/2-1/2

[Event "Teheran zt 3.1"]
[Site "Teheran"]
[Date "1997.??.??"]
[Round "7"]
[White "Omearat, Adel"]
[Black "Al Hadarani, Hatim"]
[Result "1-0"]
[WhiteElo "2260"]
[BlackElo "2365"]
[EventDate "1997.??.??"]
[PlyCount "131"]

1.Nf3 Nf6 2.c4 c6 3.Nc3 d5 4.d4 e6 5.e3 Bd6 6.Bd3 Nbd7 7.O-O O-O 8.e4 dxc4
9.Bxc4 e5 10.d5 Nb6 11.Bb3 cxd5 12.exd5 h6 13.Qd3 Bg4 14.Nd2 Rc8 15.f3 Bh5
16.Nde4 Bg6 17.Be3 Kh8 18.Qb5 Bb8 19.a4 Ne8 20.a5 Nd7 21.Ba4 Ndf6 22.Qxb7 
Nxe4 23.Nxe4 f5 24.Bxe8 Qxe8 25.Nc5 Rf7 26.Qa6 Rf6 27.Ne6 Qd7 28.Rac1 Rg8 
29.Qc6 Qf7 30.a6 f4 31.Bf2 Bd3 32.Rfe1 Qh5 33.Qd7 Rf7 34.Qa4 e4 35.Rxe4 
Bxe4 36.Qxe4 Rd7 37.Rc5 Bd6 38.Rb5 Rc8 39.h3 Qf7 40.Bd4 Bf8 41.Nxf4 Bd6 
42.Ng6+ Kg8 43.f4 Rdc7 44.Qe6 Rc1+ 45.Kf2 Qxe6 46.dxe6 Kh7 47.f5 Bc5 48.
Bxc5 R1xc5 49.Rxc5 Rxc5 50.e7 Rc8 51.Ne5 Kg8 52.b4 Re8 53.Nc6 Kf7 54.b5 
Rc8 55.Ke3 Rxc6 56.bxc6 Kxe7 57.Ke4 Kd6 58.f6 gxf6 59.Kf5 Kxc6 60.Kxf6 Kb6
61.g4 Kxa6 62.h4 Kb5 63.g5 hxg5 64.hxg5 a5 65.g6 a4 66.g7 1-0

[Event "Teheran zt 3.1"]
[Site "Teheran"]
[Date "1997.??.??"]
[Round "7"]
[White "Prasad, Devaki V"]
[Black "Najjar, Ahmad"]
[Result "0-1"]
[WhiteElo "2450"]
[BlackElo "2235"]
[EventDate "1997.??.??"]
[PlyCount "43"]

1.c4 e6 2.e4 d5 3.exd5 exd5 4.Nf3 Nf6 5.d4 Bb4+ 6.Bd2 Bxd2+ 7.Nbxd2 O-O 8.
Be2 Nc6 9.c5 Bf5 10.O-O Ne4 11.Bb5 Ne7 12.Ne5 f6 13.Nd3 c6 14.Ba4 Qc7 15.
Re1 Rae8 16.Nf1 Ng6 17.Ne3 Bc8 18.g3 Re7 19.f3 Nxg3 20.Nxd5 cxd5 21.Rxe7 
Nxe7 22.Qd2 0-1

[Event "Teheran zt 3.1"]
[Site "Teheran"]
[Date "1997.??.??"]
[Round "8"]
[White "Abdulghafour, Yousef"]
[Black "Prasad, Devaki V"]
[Result "0-1"]
[WhiteElo "2180"]
[BlackElo "2450"]
[EventDate "1997.??.??"]
[PlyCount "46"]

1.e4 c6 2.d4 d5 3.exd5 cxd5 4.c4 Nf6 5.Nc3 e6 6.Nf3 Nc6 7.c5 Be7 8.a3 O-O 
9.Bd3 Ne8 10.O-O Bf6 11.Bc2 g6 12.Bh6 Ng7 13.Re1 b6 14.Ne5 Bxe5 15.dxe5 
bxc5 16.Qd2 f6 17.exf6 Qxf6 18.Nd1 Nd4 19.Ne3 Qh4 20.Nf1 Nxc2 21.Bxg7 
Qxf2+ 22.Qxf2 Rxf2 23.Be5 Rf5 0-1

[Event "Teheran zt 3.1"]
[Site "Teheran"]
[Date "1997.??.??"]
[Round "8"]
[White "Al Hadarani, Hatim"]
[Black "Momeni, Hadi"]
[Result "1-0"]
[WhiteElo "2365"]
[BlackElo "2295"]
[EventDate "1997.??.??"]
[PlyCount "69"]

1.d4 Nf6 2.Bg5 Ne4 3.h4 d5 4.Nd2 Bf5 5.Nxe4 dxe4 6.e3 Qd7 7.Bf4 Nc6 8.a3 
O-O-O 9.Bb5 a6 10.Ba4 b5 11.Bb3 e5 12.dxe5 Qe8 13.Qh5 g6 14.Qe2 Nxe5 15.
Bxe5 Qxe5 16.c3 Rd3 17.Rd1 Bxa3 18.Rxd3 exd3 19.Qd2 Bc5 20.Nf3 Qe4 21.O-O 
h6 22.Ra1 g5 23.Bxf7 Rf8 24.Bh5 g4 25.Nd4 Bxd4 26.cxd4 Rf6 27.Rc1 Bd7 28.
f3 gxf3 29.Bxf3 Qxh4 30.e4 Qg5 31.Rd1 Qg3 32.Qxd3 h5 33.e5 Rg6 34.Qe4 Bf5 
35.Qxf5+ 1-0

[Event "Teheran zt 3.1"]
[Site "Teheran"]
[Date "1997.??.??"]
[Round "8"]
[White "Ghorbani, Mohsen"]
[Black "Ravi, Lanka"]
[Result "0-1"]
[WhiteElo "2205"]
[BlackElo "2390"]
[EventDate "1997.??.??"]
[PlyCount "120"]

1.d4 Nf6 2.c4 g6 3.Nc3 Bg7 4.e4 d6 5.Be2 O-O 6.Bg5 h6 7.Be3 e5 8.d5 a5 9.
h4 h5 10.Bg5 Na6 11.Bd3 Qe8 12.Nge2 Nh7 13.Be3 f5 14.f3 Bd7 15.Qd2 Nc5 16.
Bc2 Nf6 17.exf5 gxf5 18.O-O-O b6 19.Rhe1 Qg6 20.g3 Kh8 21.Bg5 Nh7 22.Be3 
a4 23.Rg1 Qe8 24.Bh6 Bxh6 25.Qxh6 Rf6 26.Qd2 Qe7 27.Rde1 Qg7 28.f4 Rg6 29.
fxe5 dxe5 30.Rgf1 Rf8 31.Nd1 Rg4 32.Ne3 Ne4 33.Bxe4 Rxe4 34.Nc3 Rd4 35.Qe2
a3 36.Nc2 axb2+ 37.Kb1 Rg4 38.Qxe5 Rxg3 39.Kxb2 Rg4 40.Qxg7+ Kxg7 41.Re7+ 
Rf7 42.Rxf7+ Kxf7 43.Ne3 Rxh4 44.c5 bxc5 45.Nxf5 Rb4+ 46.Kc2 Nf6 47.Ne3 
Kg6 48.Rg1+ Ng4 49.a3 Rd4 50.Kb3 h4 51.Nxg4 Rxg4 52.Rh1 Kg5 53.a4 Rb4+ 54.
Ka3 h3 55.a5 Kh4 56.Re1 h2 57.Ne4 Rxe4 58.Rxe4+ Bg4 59.Re1 Bf3 60.Kb3 
Bxd5+ 0-1

[Event "Teheran zt 3.1"]
[Site "Teheran"]
[Date "1997.??.??"]
[Round "8"]
[White "Kunte, Abhijit"]
[Black "Konguvel, Ponnuswamy"]
[Result "1-0"]
[WhiteElo "2315"]
[BlackElo "2425"]
[EventDate "1997.??.??"]
[PlyCount "61"]

1.e4 c5 2.Nf3 Nc6 3.d3 g6 4.g3 Bg7 5.Bg2 d6 6.h3 e5 7.O-O Nge7 8.c3 O-O 9.
a3 h6 10.b4 cxb4 11.axb4 b5 12.Na3 Rb8 13.Be3 a5 14.bxa5 Nxa5 15.Rb1 Ba6 
16.Qd2 Kh7 17.c4 b4 18.Rxb4 Rxb4 19.Qxb4 Nac6 20.Qa4 Bc8 21.Kh2 f5 22.Nb5 
Be6 23.exf5 Nxf5 24.Bc1 Qd7 25.Nc3 Nfe7 26.Ne4 Qc7 27.Nfg5+ hxg5 28.Nxg5+ 
Kg8 29.Nxe6 Qc8 30.Nxf8 Bxf8 31.Be3 1-0